Problèmes d'ethnomusicologie

Αποθηκεύτηκε σε:
Λεπτομέρειες βιβλιογραφικής εγγραφής
Κύριος συγγραφέας: Brailoiu, Constantin 1893-1958
Μορφή: Βιβλίο
Γλώσσα:French
Δημοσίευση: Genève : Minkoff Reprint, 1973
Θέματα:
Ετικέτες: Προσθήκη ετικέτας
Δεν υπάρχουν, Καταχωρήστε ετικέτα πρώτοι!

MARC

LEADER 00000nam a2200000 i 4500
001 1/67513
008 931104s fre d
020 |a 2-8266-0101-6 
035 |a ΛΕΣΒΟΣb10001911  |l 10001911 
040 |a GR-MY-UA  |b gre  |e aacr 
041 0 |a fre 
082 0 |a 781.7 
100 1 |a Brailoiu, Constantin  |d 1893-1958. 
245 1 0 |a Problèmes d'ethnomusicologie /  |c Constantin Brailoiu ; Textes rénuis et préfacés par Gilbert Rouget 
260 |a Genève :   |b Minkoff Reprint,   |c 1973 
300 |a 466 p.;  |b ill.;  |c 23 cm. 
500 |a Réimpression des éditions de Paris, Bruxelles, Genève, Bale, Zurich, Kassel, Barcelone, Abbeville et Budapest, 1931-1959 
500 |a Publication placée sous le patronage de la Société française de musicologie 
650 0 0 |a Ethnomusicology. 
650 0 0 |a Speeches, addresses, etc. 
852 |a INST  |b LESVOS  |e 19931104  |h 781.7 BRA  |p 005100005179  |q 005100005179  |t BK  |y 0 
909 |a Λ  |b 018402